Fleetwood Mac - Everywhere lyrics - Statistics

General Stats
  • This quiz has been taken 241 times
  • The average score is 87 of 105
Answer Stats
Lyrics % Correct
I
100%
I.
100%
be
99%
everywhere.
99%
you
99%
You
99%
to
98%
with
98%
want
97%
a
93%
Can
92%
hear
91%
me
91%
me.
91%
out
91%
out.
91%
your
91%
calling
90%
know
89%
and
88%
say.
88%
say
88%
that
88%
don't
87%
name?
87%
Oh
87%
I'm
85%
what
85%
the
75%
falling
73%
little
72%
can't
71%
My
71%
my
71%
get
70%
words
68%
louder.
67%
Come
66%
speak
65%
even
64%
baby.
62%
make
62%
shout.
62%
heart.
60%
better
58%
break
58%
it
58%
friends
57%
before
56%
proud
54%
happening,
53%
happening
53%
We
53%
start.
52%
acting
50%
I'll
50%
soon
50%
Something's
48%
peculiarly.
40%
along
36%
No matching quizzes found
Score Distribution
Percent of People with Each Score
Percentile by Number Answered
Your Score History
You have not taken this quiz